00289nam a2200121Ia 45000030006000000080041000060400015000471000025000622450042000872600009001295460012001380050017001500STCL150530s9999 xx 000 0 und d aSTCLcSTCL aFinn, F.E.S.; Editor aContact two short stories of the 1960 c1969 aEnglish20220125171042.0